00295nam a2200121Ia 4500008004100000100002300041245002300064260004200087300000800129650001200137942000700149999001700156190216s9999||||xx |||||||||||||| ||und|| aRajasasekharan.C.V 4aThe Little Theatre bCalicut University Publicationsc1993 a141 aEnglish cBK c13648d13648